00397nam a2200121 450000500170000000800410001708200170005810000190007524500770009426000780017130000110024965000150026020260414103003.0260414b |||||||| |||| 00| 0 eng d a158.1bMUH-T aMuhammad Jamil aThe Art of Character Building bDescriptive Study : Theory and Practice  aPakistan bChaudhar Publisher, Fazal Abad Sharif, Darya Gali Murreec2023 a159 p. aEducation